004650000a22001570004500090001300000245007800013044001300091041001400104690002100118690002300139690003900162100003400201942001300235773004200248999001700290 aSERIADAS10aLos ecosistemas de manglar en Colombiassituación actual y perspectivas aColombia0 aEspañol aManglares993259 aEcosistemas992256 aDistribución geográfica9929971 aAlvarez León, Ricardo91884 cARTICULO1 tPérez Arbelaeziah17q169-186d2006 c16358d16358